| 000 | 00717nam a2200241 a 4500 | ||
|---|---|---|---|
| 001 | BRCA_4821 | ||
| 005 | 20190320204824.0 | ||
| 008 | 140909c1922----mx-#---###---#000-0#spa-# | ||
| 041 | _aspa | ||
| 044 | _amx | ||
| 050 | 4 |
_aF1233.D5 _b.M46 2 _c1922 |
|
| 245 | 1 | 0 |
_aMemorias de Porfirio Díaz _b1830-1867. |
| 250 | _a2 | ||
| 260 |
_aMéxico _bEl Libro Francés _c1922 |
||
| 300 |
_a2 v. _c19 cm. |
||
| 500 | _aEl volumen 2 incluye fe de erratas, apéndice del editor y un retrato de Porfirio Díaz | ||
| 500 | _aEjemplar igual a B350 | ||
| 500 | _aD152 | ||
| 600 | 1 | 4 |
_aDíaz, Porfirio _d1830-1915 _94775 |
| 651 | 4 |
_aMéxico _xHistoria _yIntervención francesa, 1861-1867 _912223 |
|
| 902 | _aGFM | ||
| 942 |
_2lcc _cB |
||
| 999 |
_c4517 _d4517 |
||